| 000 | 01872nam0a2200301 i 4500 | ||
|---|---|---|---|
| 001 | RU\NLR\BIBL_A\011010698 | ||
| 005 | 20260405222838.0 | ||
| 010 |
_a9785979900605 _940 |
||
| 021 |
_aRU _b2016-14711 _9953 |
||
| 035 | _a(NILC)RuMoRGB-008157682 | ||
| 035 | _a(NLR Aleph) 011010698 | ||
| 090 |
_a11021676 _c11021676 |
||
| 100 | _a20160316d2016 km y0rusy50 ca | ||
| 101 | 0 | _arus | |
| 102 | _aRU | ||
| 105 | _aa j 000yy | ||
| 200 | 1 |
_aТехнология исследовательской работы студентов: методика выполнения курсовых и выпускных квалификационных работ _eучебно-методическое пособие _e[для студентов специальностей вуза 37.03.01 - Психология, 44.03.02 - Психолого-педагогическое образование] _fН. В. Вязовова _gМ-во образования и науки Российской Федерации, Московский гос. гуманитарно-экономический ун-т (МГГЭУ) |
|
| 210 |
_aМосква _cМосковский государственный гуманитарно-экономический университет _d2016 |
||
| 215 |
_a76, [2] с. _cил., табл. _d21 |
||
| 320 | _aБиблиогр.: с. 68-69 (22 назв.) | ||
| 606 | 1 |
_aВыпускные квалификационные работы _jУчебно-методические пособия _xМетодика написания _xВысшая школа _92163241 _3RU\NLR\AUTH\6601538765 |
|
| 686 | 1 | _aЧ481.254.5я7 | |
| 700 | 1 |
_7ca _8rus _aВязовова _bН. В. _gНаталия Владимировна _983995 _3RU\NLR\AUTH\77101069 |
|
| 801 | 0 |
_aRU _bРГБ _c20160225 _gRCR |
|
| 942 | _cBOOK | ||
| 980 | _aNBR | ||